000 00731cam a2200241 a 4500
001 3016280
005 20180104042815.0
008 941017s1995 nyua bf 001 0 eng
010 _a 94038577
020 _a0873525655 (acidfree paper)
040 _aDLC
_cDLC
_dDLC
041 _aeng
080 _a808.02
082 0 0 _a808.02 GIB
_220
100 1 _a46
101 _aEDU
245 1 0 _aMLA handbook for writers of research papers /
_cJoseph Gibaldi.
246 1 8 _aMLA handbook
504 _aIncludes bibliographical references and index.
906 _a7
_bcbc
_corignew
_d1
_eocip
_f19
_gy-gencatlg
942 _2ddc
_cBK
999 _c39678
_d39678